[Event "White Nights Open 2006"]
[Site "St. Petersburg RUS"]
[Date "2006.06.27"]
[Round "5.48"]
[White "Tukan, Ekaterina"]
[Black "Marinin, Viktor"]
[Result "1/2-1/2"]
[WhiteElo "1974"]
[BlackElo "2053"]
[PlyCount "138"]
[EventDate "2006.06.22"]
[EventType "swiss"]
[EventRounds "9"]
[EventCountry "RUS"]
[Source "lmi"]
[SourceDate "2006.06.29"]

1. e4 e5 2. Nf3 Nc6 3. Bb5 a6 4. Ba4 Nf6 5. O-O Be7 6. c3 Nxe4 7. Re1 Nc5 8.
Bxc6 dxc6 9. Nxe5 Be6 10. d4 Nd7 11. Bf4 O-O 12. Nd2 c5 13. Ndf3 c6 14. Qe2
Nxe5 15. Bxe5 cxd4 16. Nxd4 Qd5 17. Rad1 Qxa2 18. Qf3 Rad8 19. Bxg7 Kxg7 20.
Qg3+ Kh8 21. Qe5+ Kg8 22. Rd3 f6 23. Rg3+ Kh8 24. Qxe6 Qxe6 25. Nxe6 Rd7 26.
Nxf8 Bxf8 27. Kf1 h6 28. Re8 Rf7 29. h3 Kh7 30. Rd3 a5 31. Rdd8 Kg7 32. Ra8 b6
33. Rac8 Bc5 34. Rxc6 Rd7 35. Ke2 Rd5 36. g4 h5 37. Ree6 hxg4 38. hxg4 Rg5 39.
Kf3 Rg6 40. Rxb6 Rh6 41. g5 Rh2 42. gxf6+ Kg6 43. Kg3 Rxf2 44. Rbc6 Rf5 45. Kg2
Kg5 46. Rxc5 Rxc5 47. f7 Rf5 48. Re7 Kg6 49. Ra7 Kg7 50. Kg3 Rb5 51. Kf3 Rxb2
52. Rxa5 Kxf7 53. Ke3 Ke6 54. Rc5 Kd6 55. Rh5 Rg2 56. Kd3 Rg4 57. c4 Rg3+ 58.
Kd4 Rg6 59. Ra5 Rg4+ 60. Kc3 Kc6 61. Ra6+ Kc5 62. Ra5+ Kb6 63. Rf5 Rh4 64. Kb4
Rh6 65. Rb5+ Ka6 66. Rb8 Rb6+ 67. Rxb6+ Kxb6 68. c5+ Kc6 69. Kc4 Kc7 1/2-1/2

[Event "White Nights Open 2006"]
[Site "St. Petersburg RUS"]
[Date "2006.06.27"]
[Round "5.49"]
[White "Gaprindashvili, Nona"]
[Black "Filatov, Viacheslav"]
[Result "1/2-1/2"]
[WhiteElo "2050"]
[BlackElo "1929"]
[PlyCount "136"]
[EventDate "2006.06.22"]
[EventType "swiss"]
[EventRounds "9"]
[EventCountry "RUS"]
[Source "lmi"]
[SourceDate "2006.06.29"]

1. e4 c5 2. Nf3 Nc6 3. d4 cxd4 4. Nxd4 Nf6 5. Nc3 e5 6. Ndb5 d6 7. Nd5 Nxd5 8.
exd5 Nb8 9. c4 Be7 10. Be2 O-O 11. O-O a6 12. Nc3 f5 13. Re1 Nd7 14. Bd2 Nf6
15. b4 f4 16. Bf3 g5 17. Ne4 Nxe4 18. Bxe4 Bf5 19. Qc2 Bxe4 20. Qxe4 Qd7 21.
Rac1 Rac8 22. Rc2 b6 23. Rec1 Qf5 24. Re1 Qxe4 25. Rxe4 Bf6 26. f3 Rc7 27. Be1
Kf7 28. Bf2 Rb8 29. Rc3 a5 30. Rb3 Ra7 31. bxa5 Rxa5 32. Re2 Rba8 33. Rxb6 Rxa2
34. Rxa2 Rxa2 35. h4 Rc2 36. hxg5 Bxg5 37. Rc6 h5 38. c5 dxc5 39. Rxc5 Rxc5 40.
Bxc5 Be7 41. d6 Bd8 42. Kf2 Ke6 43. Ke2 Kd5 44. Ba3 e4 45. fxe4+ Kxe4 46. Bb4
Bb6 47. d7 Bd8 48. Ba3 Kf5 49. Kf3 Ke6 50. Kxf4 Kxd7 51. Kf5 Ke8 52. Kg6 h4 53.
Bb4 Kd7 54. Kf7 Bg5 55. Bc5 Bd8 56. Be3 Be7 57. Bd4 h3 58. gxh3 Bh4 59. Bf6 Bf2
60. Be5 Be1 61. Kf6 Ke8 62. Bd6 Bf2 63. Kg6 Be1 64. Bc5 Bg3 65. Kf5 Kf7 66. Kg4
Be1 67. Bd6 Kg7 68. Bc5 Kh7 1/2-1/2

[Event "White Nights Open 2006"]
[Site "St. Petersburg RUS"]
[Date "2006.06.27"]
[Round "5.53"]
[White "Kosov, Igor"]
[Black "Stroganov, Anatoly"]
[Result "1-0"]
[WhiteElo "1684"]
[BlackElo "1940"]
[PlyCount "65"]
[EventDate "2006.06.22"]
[EventType "swiss"]
[EventRounds "9"]
[EventCountry "RUS"]
[Source "lmi"]
[SourceDate "2006.06.29"]

1. d4 f5 2. c4 e6 3. Nf3 Bb4+ 4. Bd2 Be7 5. g3 Nf6 6. Bg2 O-O 7. O-O d6 8. Bc3
Ne4 9. Bb4 Nc6 10. Ba3 a5 11. Nbd2 d5 12. Bxe7 Qxe7 13. Ne5 Nxe5 14. dxe5 c6
15. Bxe4 fxe4 16. f4 exf3 17. exf3 dxc4 18. Ne4 Qb4 19. Qc2 b5 20. f4 Bb7 21.
Ng5 Qc5+ 22. Rf2 g6 23. Nxe6 Qd5 24. Nc7 Qc5 25. Nxa8 Bxa8 26. Rd1 Qa7 27. Qd2
c5 28. Qd7 Rf7 29. Qc8+ Kg7 30. e6 Re7 31. Rd7 c3 32. Rxa7 Rxa7 33. Qxc5 1-0

[Event "White Nights Open 2006"]
[Site "St. Petersburg RUS"]
[Date "2006.06.28"]
[Round "6.1"]
[White "Gritsenko, Andrey"]
[Black "Sivokho, Sergey"]
[Result "1/2-1/2"]
[WhiteElo "2341"]
[BlackElo "2469"]
[PlyCount "59"]
[EventDate "2006.06.22"]
[EventType "swiss"]
[EventRounds "9"]
[EventCountry "RUS"]
[Source "lmi"]
[SourceDate "2006.06.29"]

1. e4 e5 2. Nf3 Nc6 3. Bb5 a6 4. Ba4 Nf6 5. d3 b5 6. Bb3 Bc5 7. Nc3 d6 8. Nd5
Na5 9. Bg5 Nxb3 10. axb3 c6 11. Nxf6+ gxf6 12. Be3 Bxe3 13. fxe3 f5 14. exf5
Bxf5 15. O-O Bg6 16. d4 Qe7 17. Qd2 O-O 18. dxe5 dxe5 19. Qc3 Rfe8 20. b4 Rac8
21. Rf2 c5 22. bxc5 Rxc5 23. Qb4 Rxc2 24. Qxe7 Rxe7 25. Rxc2 Bxc2 26. Rxa6 Kg7
27. Rb6 Bd3 28. b3 f6 29. Ne1 Rd7 30. Kf2 1/2-1/2

[Event "White Nights Open 2006"]
[Site "St. Petersburg RUS"]
[Date "2006.06.28"]
[Round "6.2"]
[White "Eliseev, Alexei"]
[Black "Altshul, Raffael"]
[Result "0-1"]
[WhiteElo "2425"]
[BlackElo "2291"]
[PlyCount "62"]
[EventDate "2006.06.22"]
[EventType "swiss"]
[EventRounds "9"]
[EventCountry "RUS"]
[Source "lmi"]
[SourceDate "2006.06.29"]

1. d4 g6 2. h4 Nf6 3. Bg5 Ne4 4. Bf4 Bg7 5. Nd2 d5 6. e3 c5 7. c3 cxd4 8. exd4
Nc6 9. Ngf3 Bg4 10. Qb3 Nxd2 11. Nxd2 O-O 12. f3 Bc8 13. Bb5 Na5 14. Qa3 a6 15.
Be2 Nc6 16. Nb3 Re8 17. Bb5 Bd7 18. Bxc6 Bxc6 19. Bg5 Qc7 20. O-O-O e5 21. Na1
exd4 22. Nc2 dxc3 23. bxc3 Re2 24. g4 h6 25. Bd2 Rc8 26. Rhe1 Bb5 27. g5 Rxd2
28. Rxd2 Bxc3 29. Qb3 Bxd2+ 30. Kxd2 Qf4+ 31. Qe3 Qh2+ 0-1

[Event "White Nights Open 2006"]
[Site "St. Petersburg RUS"]
[Date "2006.06.28"]
[Round "6.3"]
[White "Orlov, Vassily"]
[Black "Shimanov, Aleksandr"]
[Result "1/2-1/2"]
[WhiteElo "2450"]
[BlackElo "2300"]
[PlyCount "39"]
[EventDate "2006.06.22"]
[EventType "swiss"]
[EventRounds "9"]
[EventCountry "RUS"]
[Source "lmi"]
[SourceDate "2006.06.29"]

1. e4 c6 2. d4 d5 3. e5 Bf5 4. Nc3 e6 5. g4 Bg6 6. Nge2 f6 7. f4 fxe5 8. fxe5
Qh4+ 9. Ng3 Nh6 10. Be2 Be7 11. O-O Nf7 12. Nb1 O-O 13. Nd2 Ng5 14. Rxf8+ Bxf8
15. Nf3 Nxf3+ 16. Bxf3 c5 17. c3 Nc6 18. Be3 cxd4 19. cxd4 Be7 20. Qd2 1/2-1/2

[Event "White Nights Open 2006"]
[Site "St. Petersburg RUS"]
[Date "2006.06.28"]
[Round "6.4"]
[White "Mukhin, Georgy"]
[Black "Utkin, Aleksey"]
[Result "0-1"]
[WhiteElo "2340"]
[BlackElo "2388"]
[PlyCount "85"]
[EventDate "2006.06.22"]
[EventType "swiss"]
[EventRounds "9"]
[EventCountry "RUS"]
[Source "lmi"]
[SourceDate "2006.06.29"]

1. e4 g6 2. d4 Bg7 3. Nc3 d6 4. Be3 a6 5. a4 Nf6 6. Nf3 O-O 7. g3 Ng4 8. Bg5 h6
9. Bc1 c5 10. d5 Nd7 11. Bg2 Nde5 12. Nd2 f5 13. O-O f4 14. Nf3 g5 15. Nxe5
Nxe5 16. gxf4 gxf4 17. f3 Bd7 18. Kh1 Ng6 19. e5 Bxe5 20. Ne4 Bf5 21. c3 Kh8
22. Rg1 Rg8 23. Qe1 Qf8 24. Bf1 Qf7 25. Bc4 b5 26. axb5 axb5 27. Rxa8 Rxa8 28.
Bxb5 Qxd5 29. Qe2 Nh4 30. Bc4 Qc6 31. Bd3 c4 32. Bc2 Qe8 33. Bd1 Qf7 34. Nf2
Rg8 35. Ng4 Bxg4 36. Rxg4 Rxg4 37. fxg4 Qd5+ 38. Kg1 f3 39. Qe1 f2+ 40. Kxf2
Qg2+ 41. Ke3 Qxh2 42. Qf1 Ng6 43. Qxc4 0-1

[Event "White Nights Open 2006"]
[Site "St. Petersburg RUS"]
[Date "2006.06.28"]
[Round "6.5"]
[White "Barhudarian, Rafael"]
[Black "Ivanov, Alexey"]
[Result "1/2-1/2"]
[WhiteElo "2216"]
[BlackElo "2375"]
[PlyCount "63"]
[EventDate "2006.06.22"]
[EventType "swiss"]
[EventRounds "9"]
[EventCountry "RUS"]
[Source "lmi"]
[SourceDate "2006.06.29"]

1. e4 c5 2. Nf3 d6 3. d4 cxd4 4. Nxd4 Nf6 5. Nc3 Nc6 6. Be2 e5 7. Nf3 h6 8. O-O
Be7 9. Re1 O-O 10. h3 Be6 11. Bf1 Nb8 12. b3 a6 13. a4 Nbd7 14. Bb2 Qc7 15. Nd2
Rac8 16. a5 d5 17. exd5 Nxd5 18. Nxd5 Bxd5 19. Bc4 Bxc4 20. Nxc4 Rfe8 21. Qf3
f6 22. Qg4 Bc5 23. Bc1 Kh8 24. Be3 b5 25. axb6 Nxb6 26. Bxc5 Qxc5 27. Ne3 a5
28. Rad1 Qc7 29. Nf5 Kh7 30. Qe4 Kh8 31. Qg4 Kh7 32. Qe4 1/2-1/2

[Event "White Nights Open 2006"]
[Site "St. Petersburg RUS"]
[Date "2006.06.28"]
[Round "6.6"]
[White "Mishuchkov, Nikolai M"]
[Black "Egorov, Dmitry"]
[Result "0-1"]
[WhiteElo "2371"]
[BlackElo "2215"]
[PlyCount "100"]
[EventDate "2006.06.22"]
[EventType "swiss"]
[EventRounds "9"]
[EventCountry "RUS"]
[Source "lmi"]
[SourceDate "2006.06.29"]

1. Nf3 Nf6 2. g3 g6 3. Bg2 Bg7 4. O-O c5 5. c4 O-O 6. d4 cxd4 7. Nxd4 Nc6 8.
Nc3 Nxd4 9. Qxd4 d6 10. Bd2 Be6 11. Qd3 a6 12. b3 Rb8 13. Rac1 Qd7 14. Rfd1 b5
15. Nd5 Rfc8 16. Bg5 bxc4 17. bxc4 Bxd5 18. cxd5 Qa4 19. Rc6 Qxa2 20. Bh3 Rd8
21. Rxa6 Qb3 22. Qxb3 Rxb3 23. f3 h6 24. Bc1 Rb1 25. e4 Nd7 26. Bxd7 Rxd7 27.
Rc6 Ra7 28. Kf2 Raa1 29. Ke2 h5 30. Rc8+ Kh7 31. Re1 Ra2+ 32. Bd2 Rbb2 33. Rd1
h4 34. Kd3 Rb3+ 35. Ke2 Bh6 36. f4 hxg3 37. hxg3 Rxg3 38. Kf1 Rd3 39. Ke1 Rh3
40. Rc3 Rxc3 41. Bxc3 Bxf4 42. Rb1 Ra4 43. Bb4 Be5 44. Ke2 Kg7 45. Kd3 Ra1 46.
Rb3 Rg1 47. Kc4 g5 48. Bd2 g4 49. Rb7 g3 50. Be3 Re1 0-1

[Event "White Nights Open 2006"]
[Site "St. Petersburg RUS"]
[Date "2006.06.28"]
[Round "6.7"]
[White "Pirogov, Vyatcheslav"]
[Black "Akatova, Ekaterina"]
[Result "1/2-1/2"]
[WhiteElo "2390"]
[BlackElo "2159"]
[PlyCount "115"]
[EventDate "2006.06.22"]
[EventType "swiss"]
[EventRounds "9"]
[EventCountry "RUS"]
[Source "lmi"]
[SourceDate "2006.06.29"]

1. f4 Nf6 2. Nf3 g6 3. d4 Bg7 4. e3 O-O 5. Bd3 d6 6. Nc3 Nc6 7. e4 e5 8. fxe5
dxe5 9. d5 Ne7 10. O-O c6 11. dxc6 Nxc6 12. Be3 Ng4 13. Bc5 Re8 14. Bc4 Be6 15.
Bxe6 fxe6 16. Kh1 Qxd1 17. Nxd1 Nf6 18. Nf2 b6 19. Be3 Nd4 20. Ne1 Rad8 21. a4
Rf8 22. Bxd4 Rxd4 23. Nf3 Rc4 24. c3 Nxe4 25. Nxe4 Rxe4 26. Rfe1 Rxe1+ 27. Rxe1
Rf4 28. a5 e4 29. Ng5 Rf2 30. axb6 axb6 31. Rb1 e3 32. Kg1 Rd2 33. Ne4 Rc2 34.
Re1 e2 35. Kf2 Rxb2 36. Rxe2 Rxe2+ 37. Kxe2 Kf7 38. Kd3 Ke7 39. Kc4 Bh6 40. Kb5
Be3 41. Kc6 h5 42. h3 Bg1 43. g4 hxg4 44. hxg4 Be3 45. Kc7 e5 46. Kc6 Ke6 47.
c4 Bd4 48. Ng5+ Kf6 49. Ne4+ Ke6 50. Ng5+ Kf6 51. Ne4+ Ke6 52. Kc7 Be3 53. Kd8
Bd4 54. Ke8 Bc5 55. Ng5+ Kf6 56. Ne4+ Ke6 57. Ng5+ Kf6 58. Ne4+ 1/2-1/2

[Event "White Nights Open 2006"]
[Site "St. Petersburg RUS"]
[Date "2006.06.28"]
[Round "6.8"]
[White "Vunder, Yakov"]
[Black "Karasev, Vladimir I"]
[Result "1/2-1/2"]
[WhiteElo "2244"]
[BlackElo "2386"]
[PlyCount "101"]
[EventDate "2006.06.22"]
[EventType "swiss"]
[EventRounds "9"]
[EventCountry "RUS"]
[Source "lmi"]
[SourceDate "2006.06.29"]

1. c4 c5 2. Nc3 b6 3. Nf3 Bb7 4. e3 e6 5. d4 cxd4 6. exd4 Nf6 7. Bd3 Be7 8. O-O
d6 9. d5 e5 10. Nh4 g6 11. g3 Nbd7 12. Bh6 Nc5 13. Be2 Nfe4 14. Nxe4 Nxe4 15.
Ng2 Bg5 16. Bxg5 Qxg5 17. Qa4+ Kf8 18. f4 Qe7 19. Qc2 Nf6 20. fxe5 dxe5 21. Qd2
Kg7 22. b4 Rhd8 23. a4 a5 24. Rab1 axb4 25. Qxb4 Qxb4 26. Rxb4 Nd7 27. Ne3 h5
28. c5 Nxc5 29. Rxb6 Rxa4 30. Rc1 Ba6 31. Bd1 Ra3 32. Rxc5 Rxe3 33. Bxh5 Ra3
34. Bg4 Ra4 35. d6 f5 36. Bd1 Ra1 37. Kf2 Rxd1 38. Rxa6 e4 39. d7 Rd2+ 40. Ke3
Rxh2 41. Rcc6 Rxd7 42. Rxg6+ Kh7 43. Rg5 Rd3+ 44. Kf4 Rd7 45. Re6 Rf2+ 46. Ke5
Rf7 47. g4 fxg4 48. Rxg4 e3 49. Re4 Re2 50. Kd4 Rd7+ 51. Kc3 1/2-1/2

[Event "White Nights Open 2006"]
[Site "St. Petersburg RUS"]
[Date "2006.06.28"]
[Round "6.9"]
[White "Kryschilovskij, Andrej"]
[Black "Yankovsky, Roman"]
[Result "1/2-1/2"]
[WhiteElo "2347"]
[BlackElo "2199"]
[PlyCount "144"]
[EventDate "2006.06.22"]
[EventType "swiss"]
[EventRounds "9"]
[EventCountry "RUS"]
[Source "lmi"]
[SourceDate "2006.06.29"]

1. Nf3 Nf6 2. e3 d5 3. b3 c5 4. Bb2 e6 5. Bb5+ Bd7 6. Be2 Nc6 7. O-O Be7 8. c4
O-O 9. d3 Re8 10. Nbd2 a5 11. Ne5 Nxe5 12. Bxe5 a4 13. Qc2 Bc6 14. Nf3 b6 15.
h3 Nd7 16. Bc3 Bf6 17. Qb2 a3 18. Qc2 Bb7 19. Rac1 h6 20. Rfd1 Bxc3 21. Qxc3 e5
22. cxd5 Bxd5 23. Nd2 Nf6 24. Bf3 Qe7 25. Be4 Ra7 26. Qc2 Rd8 27. Nb1 Be6 28.
Nc3 Nd5 29. Bxd5 Bxd5 30. Rd2 Ba8 31. e4 Bc6 32. Re1 Qg5 33. Re3 h5 34. Rg3 Qe7
35. Re2 h4 36. Rf3 g6 37. Qc1 Kg7 38. g3 Rh8 39. Kh2 hxg3+ 40. Rxg3 Qh4 41.
Ree3 Raa8 42. Ref3 Bd7 43. Nd1 Bg4 44. Ne3 Be6 45. Nf5+ Bxf5 46. exf5 Rh5 47.
Qg1 Rh6 48. Rg4 Qf6 49. Qg2 Qd6 50. f6+ Kh7 51. Qg3 Rd8 52. Kg2 e4 53. Rxe4
Qxg3+ 54. fxg3 Rh5 55. Ra4 Rf5 56. Rh4+ Kg8 57. Rxf5 gxf5 58. Ra4 Rxd3 59. Rxa3
Kh7 60. Ra6 Kg6 61. Rxb6 Rd2+ 62. Kf3 Rxa2 63. h4 Rb2 64. Kf4 c4 65. b4 c3 66.
h5+ Kxh5 67. Kxf5 c2 68. g4+ Kh4 69. Rc6 Rxb4 70. Rxc2 Rb5+ 71. Kf4 Rb4+ 72.
Ke5 Kg5 1/2-1/2

[Event "White Nights Open 2006"]
[Site "St. Petersburg RUS"]
[Date "2006.06.28"]
[Round "6.10"]
[White "Kazakevich, Grigoriy"]
[Black "Feofanov, Denis"]
[Result "0-1"]
[WhiteElo "2113"]
[BlackElo "2347"]
[PlyCount "122"]
[EventDate "2006.06.22"]
[EventType "swiss"]
[EventRounds "9"]
[EventCountry "RUS"]
[Source "lmi"]
[SourceDate "2006.06.29"]

1. e4 c5 2. Nf3 Nc6 3. d4 cxd4 4. Nxd4 Nf6 5. Nc3 e5 6. Ndb5 d6 7. Bg5 a6 8.
Na3 b5 9. Nd5 Be7 10. Bxf6 Bxf6 11. g3 O-O 12. Nxf6+ Qxf6 13. Bg2 Be6 14. O-O
b4 15. Nb1 h5 16. Nd2 h4 17. Qh5 Nd4 18. c3 bxc3 19. bxc3 g6 20. Qd1 Nb5 21.
Rc1 Rac8 22. gxh4 Qxh4 23. Nf3 Qf4 24. Kh1 Bxa2 25. Re1 Kg7 26. Re3 Rh8 27. Kg1
Be6 28. h4 Rc6 29. Qe1 f6 30. Qd2 Rhc8 31. Qe1 Na3 32. Nd2 Qxh4 33. Qd1 Nb5 34.
Nf3 Qf4 35. Qe1 Rh8 36. Qd2 g5 37. Rd3 Qg4 38. Nh2 Qh5 39. Nf1 Kf7 40. Rg3 Rhc8
41. Re3 Na3 42. Ng3 Qh7 43. Rf3 Qh4 44. Nf5 Bxf5 45. Rxf5 Nb5 46. Rf3 g4 47.
Rg3 Ke7 48. Kf1 Qg5 49. Qxg5 fxg5 50. Rxg4 Kf6 51. Rg3 Rxc3 52. Rgxc3 Rxc3 53.
Rxc3 Nxc3 54. Ke1 Na4 55. Kd2 a5 56. Kd3 Nc5+ 57. Kc4 a4 58. Kb4 g4 59. Bf1 Kg5
60. Be2 Kf4 61. Bd1 Nxe4 0-1

[Event "White Nights Open 2006"]
[Site "St. Petersburg RUS"]
[Date "2006.06.28"]
[Round "6.11"]
[White "Kurilov, Viktor"]
[Black "Goganov, Aleksey"]
[Result "1-0"]
[WhiteElo "2329"]
[BlackElo "2175"]
[PlyCount "119"]
[EventDate "2006.06.22"]
[EventType "swiss"]
[EventRounds "9"]
[EventCountry "RUS"]
[Source "lmi"]
[SourceDate "2006.06.29"]

1. e4 e5 2. Bc4 Nf6 3. d3 Nc6 4. Nf3 Bc5 5. O-O d6 6. c3 a6 7. b4 Bb6 8. a4 O-O
9. a5 Ba7 10. Bg5 h6 11. Bh4 Qe7 12. Nbd2 Be6 13. Re1 Bxc4 14. Nxc4 Qe6 15. Ne3
Ne7 16. Qc2 Bxe3 17. Rxe3 Ng6 18. Bg3 Ng4 19. Re2 f5 20. exf5 Qxf5 21. Rae1 Nf6
22. d4 Qxc2 23. Rxc2 e4 24. Nd2 Rae8 25. c4 Re6 26. d5 Re7 27. Rc3 Rfe8 28.
Rce3 Kf7 29. h3 Ne5 30. Bxe5 Rxe5 31. f3 exf3 32. Rxe5 f2+ 33. Kxf2 dxe5 34.
Nf3 e4 35. Nd2 Kg6 36. Ke3 Kf5 37. Rf1+ Ke5 38. g4 c6 39. dxc6 bxc6 40. Rf4 Rb8
41. Nxe4 Rxb4 42. Rf5+ Ke6 43. Nxf6 gxf6 44. Kd4 Ra4 45. Kc5 Rxa5+ 46. Kxc6 Ra1
47. Rh5 a5 48. Rxh6 Ke5 49. Rh5+ Kd4 50. c5 a4 51. Kd6 a3 52. c6 a2 53. c7 Ke3
54. Ra5 Rd1+ 55. Ke6 Rc1 56. Rxa2 Rxc7 57. Kxf6 Rc6+ 58. Kg5 Rc5+ 59. Kh6 Rc6+
60. Kh5 1-0

[Event "White Nights Open 2006"]
[Site "St. Petersburg RUS"]
[Date "2006.06.28"]
[Round "6.12"]
[White "Vunder, Andrey"]
[Black "Grigoriev, Semyon"]
[Result "1-0"]
[WhiteElo "2293"]
[BlackElo "2106"]
[PlyCount "107"]
[EventDate "2006.06.22"]
[EventType "swiss"]
[EventRounds "9"]
[EventCountry "RUS"]
[Source "lmi"]
[SourceDate "2006.06.29"]

1. Nf3 d5 2. e3 Nf6 3. c4 c6 4. Nc3 Bf5 5. cxd5 cxd5 6. Qb3 b6 7. Bb5+ Bd7 8.
Nxd5 e6 9. Nxf6+ gxf6 10. d4 Nc6 11. Bd2 a6 12. Be2 Bd6 13. O-O O-O 14. Rfc1
Ne7 15. Bb4 Bxb4 16. Qxb4 Bc6 17. Nd2 Nd5 18. Qb3 Bb7 19. Bf3 f5 20. Nc4 Rb8
21. Ne5 Qd6 22. Qa3 Qxa3 23. bxa3 Rbc8 24. Nd7 Rfd8 25. Nxb6 Rb8 26. Na4 f4 27.
Nc5 fxe3 28. fxe3 Ba8 29. e4 Nf4 30. Rab1 Rxb1 31. Rxb1 Kg7 32. Rd1 Rb8 33. Rd2
f5 34. exf5 Bxf3 35. gxf3 exf5 36. d5 Rb5 37. Nxa6 Nxd5 38. Nb4 Nxb4 39. Rb2
Kg6 40. axb4 Kg5 41. a4 Rd5 42. b5 Kh4 43. Kg2 f4 44. b6 Rg5+ 45. Kf1 Rg8 46.
b7 Rb8 47. a5 Kh3 48. a6 h5 49. a7 h4 50. Rb5 Rg8 51. b8=Q Rg1+ 52. Ke2 Rg2+
53. Kd3 Rb2 54. Qc8+ 1-0

[Event "White Nights Open 2006"]
[Site "St. Petersburg RUS"]
[Date "2006.06.28"]
[Round "6.13"]
[White "Prelovskij, Rudolf"]
[Black "Smirnov, Sergei"]
[Result "0-1"]
[WhiteElo "2184"]
[BlackElo "2283"]
[PlyCount "58"]
[EventDate "2006.06.22"]
[EventType "swiss"]
[EventRounds "9"]
[EventCountry "RUS"]
[Source "lmi"]
[SourceDate "2006.06.29"]

1. Nf3 c5 2. c4 Nc6 3. g3 g6 4. Nc3 Bg7 5. Bg2 e6 6. e3 Nge7 7. O-O Nf5 8. a3
a5 9. Nb5 O-O 10. d4 Qb6 11. d5 exd5 12. Qxd5 d6 13. Qd3 Be6 14. Nd2 Ne5 15.
Qc2 Nxc4 16. Nc3 Nxd2 17. Bxd2 Ne7 18. Rab1 d5 19. Na4 Qc6 20. Qxc5 Qxa4 21.
Qxe7 Bf5 22. b3 Qb5 23. Rbc1 Qxb3 24. Rc5 Qxa3 25. Bxd5 b6 26. Bxa8 Qxc5 27.
Qa7 Qc2 28. e4 Bh3 29. Be3 Qe2 0-1

[Event "White Nights Open 2006"]
[Site "St. Petersburg RUS"]
[Date "2006.06.28"]
[Round "6.14"]
[White "Romanov, Vasily"]
[Black "Orlov, Nikolay I"]
[Result "0-1"]
[WhiteElo "1952"]
[BlackElo "2279"]
[PlyCount "60"]
[EventDate "2006.06.22"]
[EventType "swiss"]
[EventRounds "9"]
[EventCountry "RUS"]
[Source "lmi"]
[SourceDate "2006.06.29"]

1. d4 d5 2. Nf3 c6 3. c4 Nf6 4. Nc3 e6 5. Bg5 h6 6. Bh4 dxc4 7. e4 g5 8. Bg3 b5
9. Be2 Bb7 10. O-O Nbd7 11. Ne5 Bg7 12. f4 Nxe5 13. fxe5 Nd7 14. Bh5 O-O 15.
Qg4 b4 16. Ne2 Qe7 17. h4 c5 18. Rad1 cxd4 19. Nxd4 Bxe5 20. Nf5 exf5 21. Rxf5
Bxg3 22. Rxd7 Qxd7 23. Rxg5+ hxg5 24. Qxd7 Bxe4 25. Qg4 Bf4 26. hxg5 Bg6 27.
Qh4 Rac8 28. Bg4 Be3+ 29. Kh1 Rc5 30. Bf3 c3 0-1

[Event "White Nights Open 2006"]
[Site "St. Petersburg RUS"]
[Date "2006.06.28"]
[Round "6.15"]
[White "Nikolaev, Vadim"]
[Black "Nester, Ihor"]
[Result "0-1"]
[WhiteElo "2186"]
[BlackElo "2417"]
[PlyCount "104"]
[EventDate "2006.06.22"]
[EventType "swiss"]
[EventRounds "9"]
[EventCountry "RUS"]
[Source "lmi"]
[SourceDate "2006.06.29"]

1. d4 d5 2. Nf3 Nf6 3. c4 dxc4 4. Qa4+ c6 5. Qxc4 Bf5 6. Nc3 e6 7. e3 Nbd7 8.
Be2 Bd6 9. O-O O-O 10. Qb3 Rb8 11. Bd2 Qe7 12. Rfe1 e5 13. dxe5 Nxe5 14. Nxe5
Qxe5 15. g3 Ng4 16. Qd1 h5 17. Rf1 Rbd8 18. Qe1 Rfe8 19. Rd1 Qf6 20. Bxg4 Bxg4
21. f3 Bh3 22. Rf2 Bc7 23. Ne4 Qe7 24. Bc3 Rxd1 25. Qxd1 Bb6 26. Re2 Rd8 27.
Qc1 Rd3 28. Kh1 Bf5 29. Nf2 Rxe3 30. Rxe3 Qxe3 31. Qxe3 Bxe3 32. Kg2 f6 33. a3
Kf7 34. Nd1 Bb6 35. h3 Ke6 36. g4 Bc2 37. Nf2 hxg4 38. fxg4 Kd5 39. Kf3 Bd4 40.
Bxd4 Kxd4 41. Ke2 c5 42. h4 b5 43. Nh3 Ke4 44. h5 Bd3+ 45. Kd2 Bf1 46. Nf2+ Kf3
47. Ke1 Bc4 48. g5 fxg5 49. Nh3 g4 50. Ng5+ Kf4 51. Nh7 Bd3 52. Nf8 Bf5 0-1

[Event "White Nights Open 2006"]
[Site "St. Petersburg RUS"]
[Date "2006.06.28"]
[Round "6.16"]
[White "Reshetov, Valery"]
[Black "Silivanov, Sergej"]
[Result "0-1"]
[WhiteElo "2164"]
[BlackElo "2355"]
[PlyCount "82"]
[EventDate "2006.06.22"]
[EventType "swiss"]
[EventRounds "9"]
[EventCountry "RUS"]
[Source "lmi"]
[SourceDate "2006.06.29"]

1. e4 e5 2. Nf3 Nc6 3. Bc4 Nf6 4. d3 Be7 5. Nc3 O-O 6. a3 d6 7. h3 h6 8. Be3
Nh7 9. Nd5 Kh8 10. Nxe7 Nxe7 11. Qd2 f5 12. exf5 d5 13. Bb3 d4 14. Nxe5 dxe3
15. Qxe3 Bxf5 16. Nf7+ Rxf7 17. Bxf7 Nf6 18. O-O Qd6 19. Rae1 Nc6 20. Qg3 Qd4
21. Bg6 Bxg6 22. Qxg6 Qxb2 23. Rb1 Qxc2 24. Rxb7 Ne7 25. Qg3 Ned5 26. Rfb1 Kh7
27. Qf3 Re8 28. Qf5+ g6 29. Qf3 Kg7 30. Qd1 Qc5 31. Qc1 Nc3 32. Kh1 Nfd5 33.
Qb2 Re2 34. Qc1 Qxf2 35. Rxc7+ Kf6 36. Rc6+ Kf5 37. Qf1 Nxb1 38. g4+ Kg5 39.
Qxf2 Rxf2 40. h4+ Kxh4 41. Rxg6 Kg3 0-1

[Event "White Nights Open 2006"]
[Site "St. Petersburg RUS"]
[Date "2006.06.28"]
[Round "6.17"]
[White "Novikov, Mikhail V"]
[Black "Kosarev, Dmitry"]
[Result "1-0"]
[WhiteElo "2343"]
[BlackElo "2185"]
[PlyCount "121"]
[EventDate "2006.06.22"]
[EventType "swiss"]
[EventRounds "9"]
[EventCountry "RUS"]
[Source "lmi"]
[SourceDate "2006.06.29"]

1. d4 Nf6 2. Nf3 g6 3. c4 Bg7 4. g3 O-O 5. Bg2 d6 6. O-O Nc6 7. Nbd2 e5 8. d5
Ne7 9. e4 c5 10. Ne1 Nh5 11. Nd3 Qe8 12. Rb1 f5 13. b4 b6 14. bxc5 bxc5 15. Bb2
Nf6 16. Re1 fxe4 17. Nxe4 Nxe4 18. Bxe4 Kh8 19. f4 exf4 20. Nxf4 Qf7 21. Rf1
Nf5 22. Bxf5 Bxb2 23. Bxc8 Bd4+ 24. Kg2 Raxc8 25. Ne6 Qxf1+ 26. Qxf1 Rxf1 27.
Kxf1 Be5 28. Rb7 a5 29. a4 h6 30. Kg2 Re8 31. g4 Bf6 32. h3 Re7 33. Rb6 Be5 34.
Kf3 Rf7+ 35. Ke2 Bg3 36. Rb5 Rf2+ 37. Ke3 Rc2 38. Kd3 Rh2 39. Rxa5 Rxh3 40.
Ra8+ Kh7 41. Ra7+ Kh8 42. a5 Be5+ 43. Ke2 Ra3 44. Nf8 Bf6 45. Nxg6+ Kg8 46. a6
Ra4 47. Kd3 Ra3+ 48. Ke4 Ra4 49. Kf5 Bg5 50. Ke6 Rxc4 51. Rb7 Rxg4 52. a7 Ra4
53. Kxd6 c4 54. Ne5 Ra6+ 55. Kd7 c3 56. Rb8+ Kg7 57. a8=Q Rxa8 58. Rxa8 c2 59.
Nd3 c1=Q 60. Nxc1 Bxc1 61. Ke6 1-0

[Event "White Nights Open 2006"]
[Site "St. Petersburg RUS"]
[Date "2006.06.28"]
[Round "6.18"]
[White "Turikov, Viktor"]
[Black "Frolochkin, Vladimir"]
[Result "1-0"]
[WhiteElo "2340"]
[BlackElo "2200"]
[PlyCount "75"]
[EventDate "2006.06.22"]
[EventType "swiss"]
[EventRounds "9"]
[EventCountry "RUS"]
[Source "lmi"]
[SourceDate "2006.06.29"]

1. d4 Nf6 2. Nf3 g6 3. Nbd2 d5 4. e3 Bg7 5. Bd3 O-O 6. O-O c5 7. c3 Nc6 8. dxc5
a5 9. Bb5 Qc7 10. a4 Rd8 11. Qe2 Na7 12. Bd3 Qxc5 13. e4 Nc6 14. h3 e5 15. exd5
Nxd5 16. Ne4 Qe7 17. Bc4 h6 18. Be3 Nxe3 19. Qxe3 Be6 20. Bxe6 Qxe6 21. Qb6 Nd4
22. Qxe6 Nxe6 23. Rfd1 f5 24. Nd6 Nc5 25. b4 axb4 26. cxb4 e4 27. bxc5 Bxa1 28.
Rxa1 exf3 29. Nxb7 Rdc8 30. a5 fxg2 31. Rb1 Rc7 32. Rb6 Kg7 33. Kxg2 g5 34. a6
Rb8 35. Nd6 Ra8 36. Rb7 Ra7 37. Rxc7+ Rxc7 38. Ne8+ 1-0